书目信息 |
| 题名: |
交叉视角
|
|
| 作者: | 王飞 , 丁峻峰 主编 | |
| 分册: | ||
| 出版信息: | 北京 中国建筑工业出版社 2010.01 |
|
| 页数: | 431页 | |
| 开本: | 21cm | |
| 丛书名: | ||
| 单 册: | ||
| 中图分类: | TU-4 | |
| 科图分类: | ||
| 主题词: | 建筑学--jian zhu xue--教育--研究--西方国家 | |
| 电子资源: | ||
| ISBN: | 978-7-112-11425-2 | |
| 000 | 01106nam0 2200253 450 | |
| 001 | 012001000707 | |
| 005 | 20191109160516.57 | |
| 010 | @a978-7-112-11425-2@dCNY36.00 | |
| 100 | @a20100515d2010 km y0chiy0121 eb | |
| 101 | 0 | @achi |
| 102 | @aCN@b110000 | |
| 105 | @aa z 000yy | |
| 200 | 1 | @a交叉视角@Ajiao cha shi jiao@d= Inter-Views Trends of the Top Architecture and Urbanism Programs in Europe and North America@e欧美著名建筑与城市院校动态访谈精选@f王飞, 丁峻峰主编@zeng |
| 210 | @a北京@c中国建筑工业出版社@d2010.01 | |
| 215 | @a431页@c图@d21cm | |
| 330 | @a本书精选美国和欧洲知名建筑学府里极具代表性的资深理论家、一线教育家、前沿建筑师进行访谈。 | |
| 510 | 1 | @aInter-Views Trends of the Top Architecture and Urbanism Programs in Europe and North America@zeng |
| 517 | 1 | @a欧美著名建筑与城市院校动态访谈精选@Aou mei zhu ming jian zhu yu cheng shi yuan xiao dong tai fang tan jing xuan |
| 606 | 0 | @a建筑学@Ajian zhu xue@x教育@x研究@y西方国家 |
| 690 | @aTU-4@v4 | |
| 701 | 0 | @a王飞@Awang fei@4主编 |
| 701 | 0 | @a丁峻峰@Ading jun feng@4主编 |
| 801 | 0 | @aCN@c20100515 |
| 905 | @dTU-4@eW173@f5 | |
| 交叉视角= Inter-Views Trends of the Top Architecture and Urbanism Programs in Europe and North America:欧美著名建筑与城市院校动态访谈精选/王飞, 丁峻峰主编.-北京:中国建筑工业出版社,2010.01 |
| 431页:图;21cm |
| ISBN 978-7-112-11425-2:CNY36.00 |
| 本书精选美国和欧洲知名建筑学府里极具代表性的资深理论家、一线教育家、前沿建筑师进行访谈。 |
| ● |
| 相关链接 |
|
|
|
正题名:交叉视角
索取号:TU-4/W173
 
预约/预借
| 序号 | 登录号 | 条形码 | 馆藏地/架位号 | 状态 | 备注 |
| 1 | 1302502 | 213025028 | 建筑库101/101建筑库 10排2列4层/ [索取号:TU-4/W173] | 在馆 | |
| 2 | 1302503 | 213025037 | 建筑库101/101建筑库 10排2列4层/ [索取号:TU-4/W173] | 在馆 | |
| 3 | 1302504 | 213025046 | 建筑库101/101建筑库 10排2列4层/ [索取号:TU-4/W173] | 在馆 | |
| 4 | 898501 | 208985017 | 建筑库101/101建筑库 10排2列4层/ [索取号:TU-4/W173] | 在馆 | |
| 5 | 898502 | 208985026 | 建筑库101/101建筑库 10排2列4层/ [索取号:TU-4/W173] | 在馆 | |
| 6 | 898503 | 208985035 | 建筑库101/101建筑库 9排4列2层/ [索取号:TU-4/W173] | 在馆 | |
| 7 | 898504 | 208985044 | 建筑库101/101建筑库 10排2列4层/ [索取号:TU-4/W173] | 在馆 | |
| 8 | 898505 | 208985053 | 建筑库101/101建筑库 10排2列4层/ [索取号:TU-4/W173] | 在馆 |